| 000 | 01159nam a2200301 a 4500 | ||
|---|---|---|---|
| 001 | 000027097 | ||
| 003 | DO-SdBNP | ||
| 005 | 20251203110542.0 | ||
| 008 | 110329s1980 dr ac 001 0 spa d | ||
| 040 |
_aDO-SdBNP _bspa _cBNPHU |
||
| 082 | 4 |
_a972.9301 _bV443s |
|
| 100 | 1 |
_aVeloz Maggiolo, Marcio, _d1936-2021 _91104 |
|
| 245 | 1 | 4 |
_aLas sociedades arcaicas de Santo Domingo / _cMarcio Veloz Maggiolo. |
| 260 |
_aSanto Domingo : _bMuseo del Hombre Dominicano : _bFundación García Arévalo, _c1980. |
||
| 300 |
_a100 p. : _bil., retrs. ; _c23 cm. |
||
| 490 | 0 |
_aInvestigaciones Antropológicas ; _v16 |
|
| 490 | 0 |
_aInvestigaciones _v12 |
|
| 504 | _aBibliografía: p. 95-98. | ||
| 590 | _aInventariado, 2020/VM | ||
| 650 | 4 |
_aSociedades primitvas _954174 |
|
| 650 | 4 |
_aArte precolombino _954172 |
|
| 650 | 4 |
_aCostumbres indígenas _954175 |
|
| 651 | 0 |
_a Santo Domingo (República Dominicana) _xArqueología _985361 |
|
| 651 | 0 |
_aRepública Dominicana _xHistoria _yÉpoca prehispánica, hasta 1492 _978065 |
|
| 830 |
_aInvestigaciones Antropológicas ; _v16 _pInvestigaciones _n12 _988845 |
||
| 910 | _aValidado. Control de calidad EMS | ||
| 942 |
_2ddc _cLBS1 |
||
| 999 |
_c26589 _d26589 |
||